000 00309nam a22001337a 4500
020 _a978-93-5195-127-8
082 _a001
_bHAC/F
100 _aHACHETTE
245 _aYEARBOOK AND INFOPEDIA 2017
260 _aGURGAON
_bHACHETTE INDIA
_c2016
300 _a256
650 _aGENERAL KNOWLEDGE
_zINDIA
942 _cBK
999 _c6682
_d6682